All Cycle 1 Contestants - Statistics

General Stats
  • This quiz has been taken 16 times
  • The average score is 16 of 50
Answer Stats
Placement Cycle 1 % Correct
32nd Athenos
92%
2nd Crow
92%
4th Fanai
92%
28th Kaysar
83%
1st Loguin
83%
26th Nisen
75%
39th Logan
67%
35th The Dog
58%
3rd Bready
42%
23rd Green
42%
38th Maddog
42%
40th Myworld
42%
43rd Nylo
42%
17th Roy
42%
21st Ant
33%
5th Daiya
33%
47th Discord Dave
33%
10th Geist
33%
11th Joe
33%
6th Kasnoy
33%
9th LastChance
33%
42nd Spykid
33%
50th Terin
33%
7th Dstrace
25%
13th Haleigh
25%
24th Hurricane
25%
29th Just why man
25%
8th Larson
25%
12th Stephen
25%
48th Tourister
25%
31st Zunk
25%
16th Aima
17%
41st Annicrow
17%
37th BBQ Jim
17%
22nd El Swag
17%
34th Gooftrooper
17%
27th Icy
17%
15th Jasoo
17%
33rd Sweatslap
17%
49th Teriyaki
17%
46th Timmy
17%
44th Alliee
8%
14th Barbie
8%
45th Cortez
8%
18th Downhill
8%
30th Gish
8%
19th Katie b
8%
36th Lil g
8%
20th Pullyourcard
8%
25th Sman
8%
No matching quizzes found
Score Distribution
Percent of People with Each Score
Percentile by Number Answered
Your Score History
You have not taken this quiz